LEADER 01797cam2 2200277 450 001 E600200054969 005 20160408090636.0 100 $a20091016d1758 |||||ita|0103 ba 101 $alat 102 $aIT 200 1 $a<<7: >>Tomus septimus vel quarti operum postumorum quae de jure reliquit, pars prior, sive ad diversos titulos Pandectarum recitationes absolutissimae, non solum, quae antea fuerunt editae, sed & aliae pleraeque de novo adjectae ut docebit index: omnes, quoad ejus fieri potuit, emendatissimae, jam dispositae a Carolo Annibale Fabroto J.C. 210 $aNeapoli$cex Typographia Moriana$capud Vincentium Pauria$d1758 215 $a[12] c., 1510 col.$d38 cm 300 $a(mm) 461 1$1001E600200054403$12000 $aJacobi Cujacii ... Opera omnia in decem tomos distributa quibus continentur tam Priora, sive quae ipse superstes edi curavit; quam Posteriora, sive quae post obitum ejus edita sunt; jam a Carolo Annibale Fabroto J.C. disposita 700 1$aCujas$b, Jacques$3A600200057211$4070$0241624 702 1$aFabrot, Charles Annibal (1580-1659)$3A600200057221$4070 801 0$aIT$bUNISOB$c20160408$gRICA 850 $aUNISOB 852 $aUNISOB$jFondo|Casavola$m147384 912 $aE600200054969 940 $aM 103 Monografia antica SBN 941 $aM 957 $aFondo|Casavola$bVIII$i-7$gNo$d147384$hCasavola$rdono$1menle$2UNISOB$3UNISOB$420091016091819.0$520160408090636.0$6petrellap 996 $aTomus septimus vel quarti operum postumorum quae de jure reliquit, pars prior, sive ad diversos titulos Pandectarum recitationes absolutissimae, non solum, quae antea fuerunt editae, sed & aliae pleraeque de novo adjectae ut docebit index: omnes, quoad ejus fieri potuit, emendatissimae, jam dispositae a Carolo Annibale Fabroto J.C$91706331 997 $aUNISOB LEADER 01026cam2 22002651 450 001 SOBE00017457 005 20110909131827.0 100 $a20110909d1937 |||||ita|0103 ba 101 $aita 102 $aIT 200 1 $a<<5: >>Studi su Alessandro Manzoni$econ appendice delle principali liriche e delle tragedie del Manzoni stesso$fFrancesco De Sanctis$gcur. L. G. Tenconi 210 $aSesto San Giovanni$cEdizioni Barion$d1937 215 $a398 p.$d20 cm 461 1$1001SOBE00017451$12001 $aSaggi critici e scritti vari / Francesco de Sanctis 700 1$aDe_Sanctis$b, Francesco <1817-1883>$3AF00006927$4070$0293282 702 1$aTenconi, L. G.$3A600200025762$4070 801 0$aIT$bUNISOB$c20110909$gRICA 850 $aUNISOB 852 $aUNISOB$j850$m75592 912 $aSOBE00017457 940 $aM 102 Monografia moderna SBN 941 $aM 957 $a850$b003555$i-5$gSI$d75592$1bethb$2UNISOB$3UNISOB$420110909133211.0$520110909133250.0$6bethb 996 $aStudi su Alessandro Manzoni$9292624 997 $aUNISOB LEADER 01050cam0 2200265 450 001 E600200063464 005 20200428093316.0 100 $a20100504d1963 |||||ita|0103 ba 101 $aita 102 $aIT 200 1 $a<>"De re publica" di Cicerone e il pensiero politico classico$fEnrico Berti 210 $aPadova$cCEDAM$d1963 215 $a104 p.$d25 cm 225 2 $aPubblicazioni della Scuola di Perfezionamento in Filosofia dell' Università di Padova$v1 410 1$1001LAEC00028200$12001 $a*Pubblicazioni della Scuola di Perfezionamento in Filosofia dell' Università di Padova$v1 700 1$aBerti$b, Enrico$3AF00005522$4070$0298384 801 0$aIT$bUNISOB$c20200428$gRICA 850 $aUNISOB 852 $aUNISOB$j100$m49154 912 $aE600200063464 940 $aM 102 Monografia moderna SBN 941 $aM 957 $a100$b003895$gSi$d49154$racquisto$1massimo$2UNISOB$3UNISOB$420100504075548.0$520200428093253.0$6Spinosa 996 $a"De re publica" di Cicerone e il pensiero politico classico$9476065 997 $aUNISOB